| 000 | 00397 a2200133 4500 | ||
|---|---|---|---|
| 003 | Nust | ||
| 005 | 20170207165506.0 | ||
| 040 | _cNust | ||
| 082 | _a799 | ||
| 245 |
_aRank Wearing Ceremony of Lt Col Muhammad Hanif,Photographs-2014 _bMCS |
||
| 260 |
_aRawalpindi _bMCS _c23-07-2014 |
||
| 650 | _aRank Wearing Ceremony of Lt Col Muhammad Hanif,Photographs-2014 , (CD-NO 24 Vol IV) | ||
| 651 | _aSweet Memories-MCS | ||
| 942 | _cBK | ||
| 999 |
_c212087 _d212087 |
||